Statistics for Biggest cities in cardinal directions by continent, with a map

Click here to take the quiz!

General Stats

  • This quiz has been taken 41 times
    (14 since last reset)
  • The average score is 89 of 144

Answers on the Map

Answers color-coded by a green-red scale on the quiz's map according to % correct below.
 

Answer Stats

PopCity% Correct
4.25 MAlgiers
92%
3.57 MAthens
92%
22.5 MCairo
92%
4.77 MCasablanca
92%
15.9 MIstanbul
92%
2.50 MLisbon
92%
14.9 MLondon
92%
6.65 MMadrid
92%
1.30 MSeville
92%
6.20 MAlexandria
85%
5.15 MAnkara
85%
7.65 MBaghdad
85%
1.53 MHelsinki
85%
3.00 MIzmir
85%
19.1 MMoscow
85%
242 kReykjavik
85%
6.50 MSaint Petersburg
85%
16.5 MTehran
85%
2.70 MTunis
85%
480 kValletta
85%
6.82 MAbidjan
77%
249 kAnchorage
77%
1.48 MAuckland
77%
5.45 MBamako
77%
21.2 MBeijing
77%
10.4 MBogotá
77%
7.70 MBoston
77%
16.7 MBuenos Aires
77%
1.46 MCalgary
77%
4.97 MCape Town
77%
3.82 MCaracas
77%
9.65 MChicago
77%
3.92 MDakar
77%
34.6 MDelhi
77%
70.1 MGuangzhou
77%
3.35 MGuatemala City
77%
29.2 MJakarta
77%
14.6 MJohannesburg
77%
1.59 MKazan
77%
7.05 MKhartoum
77%
15.6 MKinshasa
77%
20.7 MLagos
77%
11.8 MLima
77%
17.6 MLos Angeles
77%
1.09 MMalaga
77%
5.00 MMelbourne
77%
25.1 MMexico City
77%
1.89 MMontevideo
77%
27.1 MMumbai
77%
270 kMurmansk
77%
6.70 MNairobi
77%
22.0 MNew York
77%
1.66 MNizhny Novgorod
77%
2.25 MPerth
77%
12.5 MRio de Janeiro
77%
7.45 MSan Francisco
77%
2.45 MSan José
77%
1.91 MSan Juan
77%
3.85 MSanto Domingo
77%
22.1 MSão Paulo
77%
2.50 MSapporo
77%
4.47 MSeattle
77%
25.1 MSeoul
77%
4.97 MSydney
77%
359 kTampere
77%
41.0 MTokyo
77%
7.70 MToronto
77%
1.23 MUfa
77%
3.07 MVancouver
77%
6.00 MAmman
69%
3.05 MAntananarivo
69%
301 kArkhangelsk
69%
2.32 MBarranquilla
69%
3.35 MBrisbane
69%
377 kChristchurch
69%
6.25 MDar es Salaam
69%
1.43 MEdmonton
69%
3.30 MGuayaquil
69%
5.45 MHarbin
69%
162 kHeraklion
69%
853 kHonolulu
69%
20.9 MKarachi
69%
2.80 MMaracaibo
69%
4.27 MMedellín
69%
1.86 MNovosibirsk
69%
1.14 MPanama City
69%
1.09 MPerm
69%
1.19 MPort Elizabeth
69%
137 kPraia
69%
3.67 MRecife
69%
185 kSt. John's
69%
1.86 MYekaterinburg
69%
6.95 MBandung
62%
348 kHalifax
62%
4.22 MPuebla
62%
5.90 MSurabaya
62%
722 kConcepción
54%
102 kDunedin
54%
145 kPort Louis
54%
125 kPunta Arenas
54%
1.37 MSamara
54%
363 kVictoria
54%
355 kYakutsk
54%
215 kComodoro Rivadavia
46%
1.19 MDenpasar
46%
852 kLa Plata
46%
626 kMar del Plata
46%
164 kPetropavlovsk
46%
8.70 MShenyang
46%
1.78 MYogyakarta
46%
181 kYuzhno-Sakhalinsk
46%
174 kNorilsk
38%
137 kPapeete
38%
189 kSaint-Denis
38%
103 kDavid
31%
1.19 MJoão Pessoa
31%
410 kMagnitogorsk
31%
395 kNeuquén
31%
547 kPiura
31%
396 kSurgut
31%
847 kTyumen
31%
342 kAnnaba
23%
154 kBizerte
23%
315 kKupang
23%
251 kLes Abymes
23%
1.75 MMalang
23%
258 kManta
23%
173 kSaint-Pierre
23%
325 kToamasina
23%
329 kAsahikawa
15%
143 kÇanakkale
15%
231 kCoro
15%
118 kKailua
15%
165 kKushiro
15%
205 kLa Chorrera
15%
112 kLa Libertad
15%
185 kMenemen
15%
166 kObihiro
15%
114 kPervouralsk
15%
154 kPunto Fijo
15%
163 kRiohacha
15%
496 kSanta Marta
15%
188 kSomerset West
15%
161 kZlatoust
15%

Score Distribution

Percentile by Number Answered

Percent of People with Each Score

Your Score History

You have not taken this quiz since the last reset